AIIE Transactions Industrial Engineering Research and Development

Uložené v:
Podrobná bibliografia
Médium: Seriál
Jazyk:English
Vydavateľské údaje: Atlanta American Institute of Industrial Engineering 1975
Predmet:
Tagy: Pridať tag
Žiadne tagy, Buďte prvý, kto otaguje tento záznam!

MARC

LEADER 00000nas2a2200000 4500
001 s006752
005 20240109075601.0
041 0 |a eng 
044 |a US 
245 1 0 |a AIIE Transactions  |b Industrial Engineering Research and Development 
264 1 |a Atlanta  |b American Institute of Industrial Engineering  |c 1975 
300 |a 1 zv. 
773 0 |w eu_un_cat*s120312 
610 2 0 |a inžinierstvo priemyselné 
610 2 0 |a výskum 
610 2 0 |a vývoj